000 00525nam a22001937a 4500
999 _c526469
_d526469
003 NUST
005 20190712095846.0
008 190712b ||||| |||| 00| 0 eng d
038 _aWaseem
082 _a891.439092
_bSAL
100 _aSalim, Ahmad
_917232
245 _aFaiz: Yadain, Batain /
_cAhmad Salim
260 _aLahore :
_bSang-e-Meel,
_c2011.
300 _a112 p. :
500 _aHardcover.
880 _6100-01\r
_aاحمد سلیم
880 _6245-02\r
_aفیض: یادیں، باتیں /
942 _2ddc
_cBK